[Event "VI Open A"]
[Site "Viterbo ITA"]
[Date "2009.06.02"]
[Round "6"]
[White "Vuelban, Virgilio"]
[Black "Scali, Fausto"]
[Result "1-0"]
[WhiteElo "2422"]
[BlackElo "1918"]
[PlyCount "43"]
[EventDate "2009.05.30"]

1. e4 c5 2. Nf3 e6 3. d4 cxd4 4. Nxd4 a6 5. Bd3 Qc7 6. Qe2 b5 7. O-O Bb7 8. a4
bxa4 9. Rxa4 d6 10. Nc3 Nf6 11. Be3 Be7 12. Rfa1 O-O 13. Nb3 d5 14. exd5 Nxd5
15. Nxd5 Bxd5 16. Bd4 Nd7 17. Bxh7+ Kxh7 18. Qh5+ Kg8 19. Bxg7 f5 20. Qg6 Rf6
21. Bxf6+ Kf8 22. Qg7+ 1-0

[Event "VI Open A"]
[Site "Viterbo ITA"]
[Date "2009.06.02"]
[Round "7"]
[White "Antoniacci, Riccardo"]
[Black "Rampini, Carlo"]
[Result "1-0"]
[WhiteElo "1921"]
[BlackElo "1788"]
[PlyCount "77"]
[EventDate "2009.05.30"]

1. e4 e5 2. Nf3 Nc6 3. Bb5 Nf6 4. O-O Nxe4 5. d4 Nd6 6. Bxc6 dxc6 7. dxe5 Nf5
8. Qxd8+ Kxd8 9. Nc3 Ke8 10. Bf4 Be6 11. Ne4 h6 12. Rad1 Rd8 13. b3 Rd7 14. c4
Kd8 15. h3 b6 16. g4 Ne7 17. Nd4 Kc8 18. Bg3 h5 19. Ng5 hxg4 20. Ndxe6 fxe6 21.
hxg4 Ng6 22. Nxe6 Re7 23. Rd8+ Kb7 24. Ng5 c5 25. e6 c6 26. Rfd1 Ka6 27. R1d7
Rxd7 28. exd7 Be7 29. Rxh8 Nxh8 30. Ne6 Nf7 31. Bc7 Kb7 32. d8=Q Bxd8 33. Nxd8+
Kxc7 34. Nxf7 Kd7 35. Ne5+ Kd6 36. f4 b5 37. Kf2 a5 38. Ke3 Ke6 39. Ke4 1-0

[Event "VI Open A"]
[Site "Viterbo ITA"]
[Date "2009.06.02"]
[Round "7"]
[White "Blonna, Michele"]
[Black "Mecali, Antonello"]
[Result "1-0"]
[WhiteElo "2012"]
[BlackElo "1815"]
[PlyCount "74"]
[EventDate "2009.05.30"]

1. e4 c5 2. Nf3 d6 3. d4 cxd4 4. Nxd4 Nf6 5. Nc3 a6 6. Be3 Nc6 7. Qd2 Bd7 8. f3
e6 9. O-O-O Qc7 10. g4 h6 11. h4 Be7 12. Bh3 Ne5 13. Qe1 Nc4 14. Bf2 b5 15. g5
Nh5 16. g6 e5 17. Nd5 Qc8 18. Nf5 Bf8 19. gxf7+ Kxf7 20. b3 Na3 21. Qd2 Rb8 22.
Kb2 Nc4+ 23. bxc4 bxc4+ 24. Ka1 g6 25. Bg4 Nf6 26. Nxf6 gxf5 27. Nxd7 Qxd7 28.
Bxf5 Qc7 29. h5 c3 30. Qd5+ Ke8 31. Bg6+ Kd8 32. Rb1 Rb2 33. Bh4+ Be7 34. Qa8+
Qc8 35. Qxc8+ Kxc8 36. Bxe7 Kd7 37. Bf6 Rxc2 1-0

[Event "VI Open A"]
[Site "Viterbo ITA"]
[Date "2009.06.02"]
[Round "7"]
[White "Buratti, Marco"]
[Black "Pitrelli, Antonio"]
[Result "1-0"]
[WhiteElo "2037"]
[BlackElo "1802"]
[PlyCount "67"]
[EventDate "2009.05.30"]

1. e4 e6 2. Nc3 d5 3. Nf3 d4 4. Ne2 c5 5. c3 Nc6 6. cxd4 cxd4 7. Qa4 Bc5 8. b4
Bxb4 9. Nexd4 Qa5 10. Bb5 Qxa4 11. Bxa4 Bd7 12. Nxc6 Bxc6 13. Bxc6+ bxc6 14.
Ke2 Nf6 15. d3 Bc5 16. Bf4 Bb6 17. Rhc1 Rc8 18. a4 O-O 19. a5 Bd8 20. Bd6 Re8
21. Ne5 Bc7 22. Bxc7 Rxc7 23. Nxc6 Kf8 24. Rc4 Rec8 25. Nxa7 Rxc4 26. dxc4 Rxc4
27. Nb5 Nd7 28. a6 Nb6 29. Kd3 Rc5 30. Nc3 Na8 31. Rb1 Nc7 32. a7 Ra5 33. Rb7
Ne8 34. Nb5 1-0

[Event "VI Open A"]
[Site "Viterbo ITA"]
[Date "2009.06.02"]
[Round "7"]
[White "Calandri, Fausto"]
[Black "Faini, Marco"]
[Result "1-0"]
[WhiteElo "2149"]
[BlackElo "1915"]
[PlyCount "81"]
[EventDate "2009.05.30"]

1. e4 c5 2. Nf3 d6 3. d4 cxd4 4. Nxd4 Nf6 5. Nc3 a6 6. Be2 e5 7. Nb3 Be7 8. O-O
Be6 9. Be3 Nbd7 10. a4 O-O 11. a5 Qc7 12. Qd2 Bxb3 13. cxb3 Nc5 14. Nd5 Nxd5
15. Qxd5 Rac8 16. Bg4 Rcd8 17. b4 Nd7 18. Rfc1 Qb8 19. Bxd7 Rxd7 20. Rc4 Rc8
21. Rac1 Rdc7 22. b5 Rxc4 23. Rxc4 Rxc4 24. Qxc4 axb5 25. Qxb5 Qc8 26. g3 Kf8
27. b4 Bd8 28. Kg2 h6 29. Bb6 Ke7 30. Bxd8+ Kxd8 31. Qb6+ Qc7 32. Qxc7+ Kxc7
33. b5 g6 34. f3 f5 35. Kf2 fxe4 36. fxe4 Kc8 37. Ke3 Kb8 38. Kd3 Kc7 39. Kc4
Kd7 40. Kd5 Ke7 41. a6 1-0

[Event "VI Open A"]
[Site "Viterbo ITA"]
[Date "2009.06.02"]
[Round "7"]
[White "Caleffi, Cesare"]
[Black "Giuliani, Sante"]
[Result "0-1"]
[WhiteElo "2003"]
[BlackElo "1957"]
[PlyCount "118"]
[EventDate "2009.05.30"]

1. d4 d5 2. Nf3 Bf5 3. Bf4 e6 4. c3 Bd6 5. Bg5 f6 6. Bh4 Nd7 7. e3 Ne7 8. Qb3
Rb8 9. c4 c6 10. Nc3 g5 11. Bg3 Bxg3 12. hxg3 Qb6 13. Qxb6 Nxb6 14. Nd2 Kf7 15.
f3 Bg6 16. g4 h5 17. gxh5 Rxh5 18. Rxh5 Bxh5 19. Bd3 Bg6 20. Bxg6+ Kxg6 21. b3
Rh8 22. Kf2 Nf5 23. Ne2 Nd7 24. e4 Ne7 25. Rd1 f5 26. exd5 exd5 27. Nc3 f4 28.
Nf1 Nb6 29. cxd5 cxd5 30. Nb5 Nc6 31. g4 Nc8 32. Nc7 Rd8 33. a3 Kf7 34. Nb5 a6
35. Nc3 N8e7 36. Rd3 Na5 37. Na4 Nc8 38. Nc5 Nd6 39. Nd2 Nc6 40. b4 Nb8 41. Nb1
b6 42. Na4 Nc4 43. Rd1 Nd7 44. Rh1 Nf6 45. Nac3 Kg7 46. a4 Re8 47. b5 a5 48.
Ne2 Re3 49. Nbc3 Nd2 50. Rh3 Nxg4+ 51. Kg2 Nf6 52. Kf2 Nde4+ 53. fxe4 Rxh3 54.
exd5 Re3 55. d6 Kf7 56. d5 Ng4+ 57. Kf1 f3 58. Nd4 Rxc3 59. Nc6 Rc1# 0-1

[Event "VI Open A"]
[Site "Viterbo ITA"]
[Date "2009.06.02"]
[Round "7"]
[White "Campomori, Bruno"]
[Black "Perogio, Lorenzo"]
[Result "1-0"]
[WhiteElo "1978"]
[BlackElo "1876"]
[PlyCount "101"]
[EventDate "2009.05.30"]

1. e4 e5 2. Bc4 Nc6 3. d3 Nf6 4. Nf3 Be7 5. Nc3 O-O 6. Nd5 d6 7. Nxe7+ Qxe7 8.
Bg5 Be6 9. Bb3 Nb8 10. c3 Re8 11. Qe2 Bxb3 12. axb3 Nbd7 13. O-O c6 14. Nd2 Qd8
15. b4 a5 16. bxa5 Rxa5 17. Rxa5 Qxa5 18. Nc4 Qc7 19. Ra1 b5 20. Ne3 h6 21. Bh4
Kh7 22. Qf3 Rf8 23. Nf5 g6 24. Nxh6 Kxh6 25. Bxf6 Nxf6 26. Qxf6 Qd8 27. Qxd8
Rxd8 28. Kf1 d5 29. Ke2 dxe4 30. dxe4 Kg5 31. g3 Rd7 32. f3 f5 33. h4+ Kf6 34.
Rd1 Rxd1 35. Kxd1 fxe4 36. fxe4 g5 37. Ke2 Kg6 38. hxg5 Kxg5 39. b4 Kg4 40. Kf2
Kg5 41. Kf3 Kh5 42. Kf2 Kg5 43. Kg1 Kg4 44. Kg2 Kh5 45. Kh3 Kg5 46. g4 Kf4 47.
Kh4 Kxe4 48. g5 Kf5 49. Kh5 e4 50. g6 e3 51. g7 1-0

[Event "VI Open A"]
[Site "Viterbo ITA"]
[Date "2009.06.02"]
[Round "7"]
[White "De Caro, Nicola"]
[Black "Cannada Bartoli, Vincenzo"]
[Result "0-1"]
[WhiteElo "1656"]
[BlackElo "2006"]
[PlyCount "106"]
[EventDate "2009.05.30"]

1. d4 Nf6 2. c4 g6 3. Nc3 d5 4. cxd5 Nxd5 5. e4 Nxc3 6. bxc3 Bg7 7. Bc4 c5 8.
Ne2 Nc6 9. Be3 cxd4 10. cxd4 O-O 11. O-O Na5 12. Bd3 Bd7 13. Rb1 b6 14. Qd2 Re8
15. Bh6 Bh8 16. h4 Bg4 17. f3 Bxd4+ 18. Nxd4 Qxd4+ 19. Kh1 Red8 20. fxg4 Qxd3
21. Qf4 Qc4 22. Qe5 Qd4 23. Qxe7 Rd7 24. Qg5 Re8 25. Rbd1 Qxd1 26. Rxd1 Rxd1+
27. Kh2 Re6 28. Qf4 Rd8 29. Qc7 Nc6 30. Qf4 Rde8 31. Kh3 Nd4 32. Qf2 Rxe4 33.
Qf6 Ne6 34. Qf3 Rc4 35. Bd2 Rec8 36. Qf6 Rd8 37. Qf1 Rdd4 38. Bc1 Rxg4 39. g3
f5 40. Qe1 Rge4 41. Qd1 Red4 42. Qe1 Re4 43. Qd1 Rcd4 44. Qb3 Kf7 45. Bb2 Rc4
46. Qb5 Rc7 47. Qd5 a6 48. Be5 Ra7 49. Bb8 Re7 50. Bf4 Kf6 51. Bd2 Kf7 52. Bc3
f4 53. gxf4 Re3+ 0-1

[Event "VI Open A"]
[Site "Viterbo ITA"]
[Date "2009.06.02"]
[Round "7"]
[White "Isonzo, David"]
[Black "Vuelban, Virgilio"]
[Result "1/2-1/2"]
[WhiteElo "2367"]
[BlackElo "2422"]
[PlyCount "31"]
[EventDate "2009.05.30"]

1. d4 Nf6 2. c4 g6 3. g3 Bg7 4. Bg2 d6 5. Nf3 O-O 6. O-O c6 7. Nc3 Qa5 8. e4
Be6 9. Qe2 Qa6 10. b3 Bg4 11. h3 Bxf3 12. Qxf3 Nbd7 13. Rd1 c5 14. Be3 Qa5 15.
Rac1 a6 16. e5 1/2-1/2

[Event "VI Open A"]
[Site "Viterbo ITA"]
[Date "2009.06.02"]
[Round "7"]
[White "Lisi, Sebastiano"]
[Black "Tortolini, Francesco"]
[Result "1/2-1/2"]
[WhiteElo "1964"]
[BlackElo "1855"]
[PlyCount "40"]
[EventDate "2009.05.30"]

1. e4 d5 2. exd5 Qxd5 3. Nc3 Qa5 4. Bc4 Nf6 5. d3 Bg4 6. f3 Bh5 7. Nge2 Nbd7 8.
Bd2 c6 9. Nd5 Qd8 10. Nxf6+ gxf6 11. h4 Ne5 12. Bb3 Rg8 13. Nf4 Bg6 14. h5 Bf5
15. Qe2 Qd6 16. O-O-O Bh6 17. Kb1 O-O-O 18. Be3 Kb8 19. Qf2 b6 20. g3 Qb4
1/2-1/2

[Event "VI Open A"]
[Site "Viterbo ITA"]
[Date "2009.06.02"]
[Round "7"]
[White "Maddaloni, Giovanni"]
[Black "Bondielli, Giorgio"]
[Result "0-1"]
[WhiteElo "1812"]
[BlackElo "1918"]
[PlyCount "110"]
[EventDate "2009.05.30"]

1. e4 e5 2. Nf3 Nf6 3. Nxe5 d6 4. Nf3 Nxe4 5. Nc3 Nxc3 6. dxc3 Be7 7. Bf4 O-O
8. Qd2 Nc6 9. O-O-O Be6 10. Kb1 a5 11. Bd3 Rb8 12. a4 Na7 13. c4 Nc6 14. c3 Qc8
15. Rde1 Bf5 16. Re3 Bxd3+ 17. Qxd3 Qg4 18. Bg3 Qg6 19. Qxg6 hxg6 20. Rhe1 Rfe8
21. Nd4 Kf8 22. Nb5 Rbc8 23. c5 Bf6 24. Rxe8+ Rxe8 25. Rxe8+ Kxe8 26. Nxc7+ Kd7
27. cxd6 Be5 28. Nb5 Bxg3 29. hxg3 Ne5 30. b3 Ng4 31. f3 Ne3 32. Kc1 Nf5 33.
Kd2 Nxg3 34. b4 axb4 35. cxb4 Nf5 36. Kd3 Nh4 37. Kd4 Nxg2 38. Kc5 Nf4 39. Nc3
Nd3+ 40. Kc4 Ne5+ 41. Kd5 Nd3 42. b5 Nb4+ 43. Kc4 Nc2 44. Ne4 b6 45. Kd3 Ne1+
46. Ke2 Ng2 47. Ng5 f6 48. Nf7 Nf4+ 49. Ke3 Ne6 50. Ke4 Nc5+ 51. Kd5 Nxa4 52.
Nh8 g5 53. Ng6 Nc3+ 54. Kc4 Ne2 55. Kd5 Nf4+ 0-1

[Event "VI Open A"]
[Site "Viterbo ITA"]
[Date "2009.06.02"]
[Round "7"]
[White "Maggi, Fabrizio"]
[Black "Gerardi, Saverio"]
[Result "1/2-1/2"]
[WhiteElo "2053"]
[BlackElo "2187"]
[PlyCount "20"]
[EventDate "2009.05.30"]

1. c4 Nf6 2. Nc3 e6 3. e4 d6 4. d4 Be7 5. f4 c5 6. d5 exd5 7. cxd5 O-O 8. Nf3
Re8 9. Be2 Bf8 10. e5 Nbd7 1/2-1/2

[Event "VI Open A"]
[Site "Viterbo ITA"]
[Date "2009.06.02"]
[Round "7"]
[White "Marini, Riccardo"]
[Black "Stoja, Rocco"]
[Result "1/2-1/2"]
[WhiteElo "1703"]
[BlackElo "1864"]
[PlyCount "72"]
[EventDate "2009.05.30"]

1. d4 Nf6 2. Nf3 g6 3. e3 Bg7 4. Nbd2 d5 5. Bd3 Nbd7 6. c3 c6 7. a4 O-O 8. O-O
Qc7 9. b4 Ne8 10. Ba3 e5 11. e4 dxe4 12. Nxe4 f5 13. Bc4+ Kh8 14. Neg5 Nb6 15.
Bb3 Nd5 16. Rc1 h6 17. Nh3 e4 18. Ne5 Bxe5 19. dxe5 Qxe5 20. Qd2 Kh7 21. Bb2
Qe6 22. Nf4 Qf7 23. Nxd5 cxd5 24. Bxd5 Be6 25. Bxe6 Qxe6 26. c4 Nf6 27. Rfd1
Rad8 28. Qc3 Kg8 29. h3 Kf7 30. Rd2 Rfe8 31. Rcd1 Rxd2 32. Rxd2 f4 33. Rd7+ Re7
34. Rxe7+ Kxe7 35. Kf1 h5 36. a5 Nd7 1/2-1/2

[Event "VI Open A"]
[Site "Viterbo ITA"]
[Date "2009.06.02"]
[Round "7"]
[White "Pompili, Ugo"]
[Black "Arabito, Giuseppe"]
[Result "0-1"]
[WhiteElo "1843"]
[BlackElo "1901"]
[PlyCount "116"]
[EventDate "2009.05.30"]

1. d4 Nf6 2. e3 g6 3. f4 Bg7 4. Nf3 d6 5. Bd3 Nbd7 6. O-O c6 7. c3 Qc7 8. Nbd2
O-O 9. Qe2 e5 10. fxe5 dxe5 11. e4 Re8 12. Nb3 b6 13. h3 Nh5 14. Re1 Bb7 15.
Bd2 a5 16. a4 Qd6 17. Rad1 Rad8 18. Bg5 Nhf6 19. dxe5 Nxe5 20. Ba6 Bxa6 21.
Rxd6 Bxe2 22. Rxd8 Nxf3+ 23. gxf3 Rxd8 24. Rxe2 Rd1+ 25. Kg2 Nh5 26. Be3 c5 27.
Kf2 Be5 28. Rd2 Rh1 29. Rd8+ Kg7 30. Rd5 Bg3+ 31. Kg2 Rh2+ 32. Kg1 Rxb2 33. Nd2
Bf4 34. Kf2 Bg3+ 35. Kg2 Bf4 36. Kf2 Ra2 37. Ke2 Rxa4 38. Kd3 Ra2 39. Rd7 Rb2
40. Nc4 Rb1 41. Rb7 a4 42. Bxc5 Rd1+ 43. Kc2 Rc1+ 44. Kb2 bxc5 45. e5 Re1 46.
Nd6 Re2+ 47. Kb1 Bxe5 48. Nxf7 Kf6 49. Nxe5 Rxe5 50. Rxh7 Re2 51. Ra7 Re3 52.
Kc2 Rxf3 53. Rxa4 Nf4 54. Rc4 Ne6 55. h4 Rf4 56. Kd3 Rxc4 57. Kxc4 Ke5 58. Kb5
Kd5 0-1

[Event "VI Open A"]
[Site "Viterbo ITA"]
[Date "2009.06.02"]
[Round "7"]
[White "Porcacchia, Giovanni"]
[Black "Vargiu, Antonio"]
[Result "0-1"]
[WhiteElo "1599"]
[BlackElo "1841"]
[PlyCount "153"]
[EventDate "2009.05.30"]

1. c4 e6 2. Nc3 d5 3. d4 c6 4. cxd5 exd5 5. Nf3 Nf6 6. e3 Bg4 7. Be2 Bd6 8. O-O
O-O 9. h3 Bh5 10. a3 Nbd7 11. b4 b6 12. Bb2 c5 13. dxc5 bxc5 14. Nxd5 cxb4 15.
Nxf6+ Nxf6 16. axb4 Qe7 17. b5 Rfd8 18. Qb3 Ne4 19. Rfd1 Rac8 20. Nd4 Bxe2 21.
Nxe2 Qh4 22. g3 Qxh3 23. Nf4 Qg4 24. Rxa7 Qf5 25. Qd5 Qxd5 26. Nxd5 Rc2 27.
Ne7+ Kf8 28. Nc6 Rc8 29. Bd4 Nxf2 30. e4 Nxd1 31. e5 Bc5 32. Bxc5+ Rxc5 33. Ne7
R5c7 34. Nxc8 Rc1 35. Nd6 Ne3+ 36. Kf2 Ng4+ 37. Ke2 Nxe5 38. b6 Rb1 39. b7 Nc6
40. Ra8+ Ke7 41. Nc8+ Kd7 42. Na7 Rxb7 43. Nxc6 Kxc6 44. Ra4 h5 45. Kf2 Kd6 46.
Re4 Rb5 47. Ra4 g5 48. Ra8 Rf5+ 49. Kg2 Kd5 50. Rh8 g4 51. Re8 Kd4 52. Re7 f6
53. Re8 Re5 54. Rf8 Rf5 55. Re8 Kd3 56. Re6 Kd2 57. Rd6+ Ke3 58. Re6+ Kd4 59.
Re8 Rc5 60. Re6 Rc2+ 61. Kf1 f5 62. Re8 Rh2 63. Kg1 Rc2 64. Re7 Kd3 65. Re5
Rc1+ 66. Kg2 f4 67. gxf4 h4 68. Rh5 Rc2+ 69. Kg1 h3 70. Rh4 Rg2+ 71. Kh1 Ke3
72. f5 Kf2 73. f6 g3 74. Rf4+ Ke3 75. Rf5 Rf2 76. Re5+ Kd4 77. Rg5 0-1

[Event "VI Open A"]
[Site "Viterbo ITA"]
[Date "2009.06.02"]
[Round "7"]
[White "Proietti, Tosca"]
[Black "Tirri, Valerio"]
[Result "0-1"]
[WhiteElo "1878"]
[BlackElo "1682"]
[PlyCount "24"]
[EventDate "2009.05.30"]

1. e4 c5 2. a3 Nc6 3. b4 cxb4 4. axb4 Nxb4 5. c3 Nc6 6. d4 g6 7. f4 Bg7 8. d5
Nb4 9. e5 Na6 10. Bb5 Qc7 11. e6 Bxc3+ 12. Bd2 Bxa1 0-1

[Event "VI Open A"]
[Site "Viterbo ITA"]
[Date "2009.06.02"]
[Round "7"]
[White "Russi, Roberto"]
[Black "Faini, Ivano"]
[Result "1/2-1/2"]
[WhiteElo "1946"]
[BlackElo "1706"]
[PlyCount "31"]
[EventDate "2009.05.30"]

1. c4 d5 2. e3 c6 3. b3 Bf5 4. Bb2 Nf6 5. Nf3 e6 6. Be2 Nbd7 7. O-O Bd6 8. d4
Qc7 9. Nbd2 h6 10. Rc1 Ne4 11. h3 Nxd2 12. Qxd2 Nf6 13. Bd3 Bxd3 14. Qxd3 O-O
15. Rfd1 Ne4 16. Ne5 1/2-1/2

[Event "VI Open A"]
[Site "Viterbo ITA"]
[Date "2009.06.02"]
[Round "7"]
[White "Scali, Fausto"]
[Black "De Blasio, Alessandro"]
[Result "0-1"]
[WhiteElo "1918"]
[BlackElo "2057"]
[PlyCount "96"]
[EventDate "2009.05.30"]

1. e4 c5 2. Nf3 g6 3. d4 cxd4 4. Nxd4 Bg7 5. Nc3 d6 6. Be2 Nf6 7. O-O Nc6 8.
Be3 O-O 9. Kh1 a6 10. f4 Qc7 11. Bf3 Rb8 12. g4 Nxg4 13. Bxg4 Bxg4 14. Qxg4
Nxd4 15. Rf2 b5 16. Nd5 Qb7 17. Qg2 e6 18. Nb4 a5 19. c3 Nb3 20. axb3 axb4 21.
cxb4 f5 22. exf5 Qxg2+ 23. Rxg2 Rxf5 24. Ra6 e5 25. Rxd6 exf4 26. Bd4 f3 27.
Rf2 Re8 28. Rf1 Bxd4 29. Rxd4 Re2 30. Rd3 f2 31. Kg2 h5 32. Rf3 Rxf3 33. Kxf3
Rxb2 34. Rxf2 Rxf2+ 35. Kxf2 Kf7 36. Kg3 g5 37. Kf2 Kf6 38. h3 Ke5 39. Kg3 Ke4
40. Kf2 Kd3 41. Kf3 Kc3 42. Ke4 Kxb4 43. Kf5 g4 44. hxg4 hxg4 45. Kxg4 Kxb3 46.
Kf3 Kc2 47. Ke4 b4 48. Kd4 b3 0-1

[Event "VI Open A"]
[Site "Viterbo ITA"]
[Date "2009.06.02"]
[Round "7"]
[White "Tognotti, Andrea"]
[Black "Pescatore, Lorenzo"]
[Result "0-1"]
[WhiteElo "1613"]
[BlackElo "1832"]
[PlyCount "56"]
[EventDate "2009.05.30"]

1. c4 e5 2. Nc3 Nc6 3. Nf3 g6 4. g3 Bg7 5. Bg2 d6 6. O-O Nge7 7. d3 O-O 8. Rb1
a5 9. a3 Be6 10. b4 axb4 11. axb4 Qd7 12. Ng5 Nd8 13. Nxe6 Qxe6 14. b5 c6 15.
bxc6 bxc6 16. Be3 f5 17. Na4 f4 18. Bd2 g5 19. Nb6 Rb8 20. Qa4 g4 21. Bc3 f3
22. exf3 gxf3 23. Bh1 Nf7 24. Qa1 Ng5 25. Rfd1 Qh3 26. Qa7 Nf5 27. Qc7 Ne3 28.
Re1 Qf1+ 0-1

[Event "VI Open A"]
[Site "Viterbo ITA"]
[Date "2009.06.02"]
[Round "7"]
[White "Tomini, Marco"]
[Black "Passerotti, Pierluigi"]
[Result "0-1"]
[WhiteElo "2024"]
[BlackElo "2301"]
[PlyCount "134"]
[EventDate "2009.05.30"]

1. d4 f5 2. g3 Nf6 3. Bg2 e6 4. Nf3 d5 5. O-O c6 6. b3 Nbd7 7. c4 Bd6 8. Ba3
Bxa3 9. Nxa3 O-O 10. Nc2 Qe7 11. Nce1 dxc4 12. bxc4 e5 13. dxe5 Nxe5 14. Nxe5
Qxe5 15. Nd3 Qd4 16. Qb3 Qb6 17. Rfb1 Qxb3 18. Rxb3 a5 19. Nc5 Ra7 20. Rb6 Rf7
21. Rd1 Rc7 22. a3 Kf7 23. e4 fxe4 24. Nxe4 Nxe4 25. Bxe4 Be6 26. c5 a4 27. Rb4
Bb3 28. Rc1 h6 29. Bc2 Bxc2 30. Rxc2 Ke6 31. Rd4 Ra5 32. f4 Ke7 33. Kg2 Rd7 34.
Rb4 Kd8 35. Rcc4 Rd2+ 36. Kh3 Rb5 37. Rxa4 Rd5 38. Rab4 Rh5+ 39. Kg2 Kc7 40.
Re4 Rbxc5 41. Re7+ Kd6 42. Rbxb7 Rc2+ 43. Kf3 Rhxh2 44. Rbd7+ Kc5 45. Re5+ Kb6
46. Rxg7 Rhf2+ 47. Kg4 Rc3 48. Rh5 Rg2 49. Rh3 Rxa3 50. Rg6 Kb5 51. Rgxh6 c5
52. f5 c4 53. f6 Rf2 54. R3h5+ Kb4 55. Rh2 Rf1 56. Rb2+ Rb3 57. Rxb3+ cxb3 58.
Kg5 b2 59. Rh8 Kc5 60. Rb8 b1=Q 61. Rxb1 Rxb1 62. Kg6 Kd6 63. g4 Ke6 64. g5 Rb7
65. f7 Rxf7 66. Kh6 Kf5 67. g6 Rf6 0-1

[Event "VI Open A"]
[Site "Viterbo ITA"]
[Date "2009.06.02"]
[Round "7"]
[White "Trifoglio, Giovanni"]
[Black "Biondi, Massimo"]
[Result "0-1"]
[WhiteElo "1953"]
[BlackElo "1853"]
[PlyCount "48"]
[EventDate "2009.05.30"]

1. e4 c5 2. c3 d5 3. exd5 Qxd5 4. d4 cxd4 5. cxd4 Nc6 6. Nf3 Bg4 7. Be2 e6 8.
O-O Nf6 9. Nc3 Qd8 10. h3 Bh5 11. Qb3 Rb8 12. Rd1 Nd5 13. Nxd5 exd5 14. Bb5 Be7
15. Bf4 Rc8 16. Rac1 O-O 17. g4 Bg6 18. Qa4 Qb6 19. Bxc6 bxc6 20. Ne5 Qxb2 21.
Nxc6 Bh4 22. Be3 Qe2 23. Ne5 Be4 24. Rd2 Rxc1+ 0-1

[Event "C.to Regionale Umbria"]
[Site "Foligno ITA"]
[Date "2009.06.05"]
[Round "1"]
[White "Almadori, Giovanni"]
[Black "Maddaloni, Giovanni"]
[Result "1-0"]
[WhiteElo "1401"]
[BlackElo "1812"]
[PlyCount "59"]
[EventDate "2009.06.05"]

1. Nf3 d5 2. d4 Nf6 3. c4 c6 4. Nc3 a6 5. e3 e6 6. Qc2 dxc4 7. Bxc4 b5 8. Bd3
Be7 9. e4 h6 10. O-O Nbd7 11. h3 Qc7 12. Rd1 e5 13. d5 Bb7 14. Be3 O-O 15. Rac1
Rfe8 16. a3 Rac8 17. Qd2 Bf8 18. Ne2 c5 19. Ng3 c4 20. Bb1 Bc5 21. Bxh6 g6 22.
Qg5 Nh7 23. Qg4 Ndf6 24. Qh4 Qb6 25. Rd2 Rcd8 26. Ng5 Bc8 27. Nxh7 Nxh7 28. Bg5
f6 29. Bh6 b4 30. Ba2 {...} 1-0

[Event "C.to Regionale Umbria"]
[Site "Foligno ITA"]
[Date "2009.06.05"]
[Round "1"]
[White "Andreozzi, Paolo"]
[Black "Ficco, Corrado"]
[Result "0-1"]
[WhiteElo "1770"]
[BlackElo "2163"]
[PlyCount "80"]
[EventDate "2009.06.05"]

1. d4 Nf6 2. Nf3 g6 3. Bf4 Bg7 4. e3 c5 5. c3 b6 6. Nbd2 d6 7. Bb5+ Bd7 8. Be2
O-O 9. h3 Nc6 10. O-O Re8 11. dxc5 bxc5 12. Qc2 e5 13. Bh2 d5 14. e4 dxe4 15.
Nxe4 Bf5 16. Nxf6+ Qxf6 17. Qa4 e4 18. Nd2 Qg5 19. f4 exf3 20. Nxf3 Qe3+ 21.
Rf2 Ne5 22. Bf4 Qe4 23. Qxe4 Bxe4 24. Nxe5 Bxe5 25. Bc4 Bxf4 26. Bxf7+ Kxf7 27.
Rxf4+ Kg7 28. Raf1 Re7 29. g4 Rd8 30. R1f2 Rdd7 31. g5 Bf5 32. h4 Re4 33. Rxe4
Bxe4 34. Kh2 Bf5 35. Kg3 Bb1 36. a3 c4 37. Kf4 Rf7+ 38. Ke3 Rxf2 39. Kxf2 Kf7
40. Ke3 Ke6 0-1

[Event "C.to Regionale Umbria"]
[Site "Foligno ITA"]
[Date "2009.06.05"]
[Round "1"]
[White "Bassini, Massimo"]
[Black "Salerno, Francesco"]
[Result "1/2-1/2"]
[WhiteElo "1563"]
[BlackElo "2000"]
[PlyCount "80"]
[EventDate "2009.06.05"]

1. d4 d5 2. Nf3 Nf6 3. c4 c6 4. Nc3 a6 5. e3 b5 6. cxd5 cxd5 7. Bd3 e6 8. O-O
Bd6 9. e4 dxe4 10. Nxe4 Bb7 11. Bg5 Be7 12. Qc2 Nbd7 13. Rac1 h6 14. Bf4 Nd5
15. Bd2 Rc8 16. Qb1 O-O 17. Rxc8 Qxc8 18. a3 N7f6 19. Rc1 Qb8 20. Nc5 Rc8 21.
Nxb7 Qxb7 22. Rxc8+ Qxc8 23. h3 b4 24. Qc2 Qb7 25. axb4 Bxb4 26. Be3 a5 27. Nd2
Bf8 28. Ne4 Qb4 29. Nxf6+ Nxf6 30. Qd2 Nd5 31. Qxb4 Bxb4 32. Kf1 f5 33. Bc4 Kf7
34. Bxd5 exd5 35. Ke2 g5 36. Bd2 Bxd2 37. Kxd2 Ke7 38. g3 g4 39. h4 Kd6 40. Ke3
Ke6 1/2-1/2

[Event "C.to Regionale Umbria"]
[Site "Foligno ITA"]
[Date "2009.06.05"]
[Round "1"]
[White "Buoncristiani, Luca"]
[Black "Marcugini, Stefano"]
[Result "0-1"]
[WhiteElo "1509"]
[BlackElo "1925"]
[PlyCount "46"]
[EventDate "2009.06.05"]

1. e4 e6 2. d4 d5 3. Nc3 Nf6 4. Bg5 Be7 5. e5 Nfd7 6. Bxe7 Qxe7 7. Nf3 c5 8.
dxc5 Qxc5 9. Bd3 Nc6 10. Qe2 Nd4 11. Qe3 Nxf3+ 12. Qxf3 Nxe5 13. Qg3 Nxd3+ 14.
cxd3 O-O 15. O-O Bd7 16. Rac1 Rac8 17. Ne2 Qe7 18. Nf4 h6 19. Nh5 f5 20. Rfe1
Kh7 21. Nf4 Qf6 22. h4 Rfe8 23. Re2 23... d4 {...} 0-1

[Event "C.to Regionale Umbria"]
[Site "Foligno ITA"]
[Date "2009.06.05"]
[Round "1"]
[White "Castrogiovanni, Carlo"]
[Black "Romano, Claudio"]
[Result "1-0"]
[WhiteElo "2027"]
[BlackElo "1572"]
[PlyCount "86"]
[EventDate "2009.06.05"]

1. d4 e6 2. c4 Nf6 3. Nf3 Bb4+ 4. Bd2 c5 5. e3 O-O 6. Bd3 d5 7. dxc5 Bxc5 8.
O-O Nc6 9. a3 a5 10. Nc3 e5 11. cxd5 Nxd5 12. Nxd5 Qxd5 13. Qc2 g6 14. Rac1 Be7
15. Be4 Qe6 16. Bxc6 bxc6 17. Qxc6 Qxc6 18. Rxc6 e4 19. Nd4 Ba6 20. Rfc1 Bd3
21. Rc7 Rfe8 22. Rd7 Bf6 23. Rcc7 Be5 24. Ra7 Rab8 25. Bc3 Rec8 26. Rab7 Rxb7
27. Rxb7 Bf6 28. Ra7 Bd8 29. f3 Bg5 30. Kf2 exf3 31. Nxf3 Bd8 32. Ne1 Be4 33.
Bxa5 Rb8 34. Bxd8 Rxd8 35. Nf3 Rc8 36. Nd4 Kg7 37. b4 Rb8 38. Rc7 Ra8 39. Rc3
Kf6 40. b5 Ke5 41. g3 h5 42. Ke2 f6 43. Kd2 43... g5 {...} 1-0

[Event "C.to Regionale Umbria"]
[Site "Foligno ITA"]
[Date "2009.06.05"]
[Round "1"]
[White "Malfagia, Andrea"]
[Black "Seravelli, Paolo"]
[Result "1-0"]
[WhiteElo "2282"]
[BlackElo "1804"]
[PlyCount "45"]
[EventDate "2009.06.05"]

1. d4 d5 2. c4 c6 3. Nc3 Nf6 4. cxd5 cxd5 5. Bf4 e6 6. e3 a6 7. Bd3 Bd6 8. Bxd6
Qxd6 9. f4 h5 10. Nf3 Nc6 11. Rc1 Bd7 12. Ne5 g6 13. O-O Ne7 14. Qf3 Nf5 15.
Rc2 Ke7 16. Rfc1 Rac8 17. g3 Ng4 18. Re1 Ngxe3 19. Rxe3 Nxd4 20. Qf2 Nxc2 21.
Bxc2 Qb4 22. Nxd5+ exd5 23. Nc6+ 1-0

[Event "C.to Regionale Umbria"]
[Site "Foligno ITA"]
[Date "2009.06.05"]
[Round "1"]
[White "Marsili, Riccardo"]
[Black "Vitali, Roberto"]
[Result "1-0"]
[WhiteElo "1874"]
[BlackElo "1493"]
[PlyCount "93"]
[EventDate "2009.06.05"]

1. e4 d5 2. exd5 Nf6 3. Bb5+ Bd7 4. Bc4 b5 5. Bb3 a5 6. a4 bxa4 7. Bxa4 Nxd5 8.
Bxd7+ Nxd7 9. Nf3 e6 10. O-O Bd6 11. d4 c5 12. Na3 O-O 13. Nc4 Be7 14. Bd2 a4
15. Ne3 N7b6 16. Nxd5 Qxd5 17. Bc3 Rfd8 18. Qe2 Qf5 19. Rfd1 Nd5 20. dxc5 Nxc3
21. Rxd8+ Bxd8 22. bxc3 Qxc5 23. Qe3 Qxe3 24. fxe3 a3 25. Kf2 Bf6 26. Nd4 Ra5
27. Ke2 g6 28. Kd3 e5 29. Nb3 e4+ 30. Kxe4 Bxc3 31. Ra2 Ra4+ 32. Kd3 Bb4 33. c4
Bd6 34. Kd4 Bxh2 35. Kc5 Ra8 36. Nd4 Rd8 37. Nc6 Bd6+ 38. Kb6 Rd7 39. c5 Be7
40. Kb5 Rd3 41. Nd4 Rxe3 42. Kc6 Bf6 43. Nb5 Be5 44. Kb6 Rb3 45. c6 Bd4+ 46.
Ka6 Be5 47. c7 1-0